000 02010nam1a2200337 i 4500
001 RU\NLR\bibl\1688416
005 20260408001259.0
035 _a(NLR Aleph) 001679567
090 _a1092649
_c1092649
100 _a20101018g20109999u y0rusy50 ca
101 0 _arus
102 _aRU
105 _a||||z |||||
200 1 _aТенденции развития справочно-библиографического и информационного обслуживания в библиотеках Волгоградской области по итогам анализа отчетов работы библиотек ...
_fВолгогр. обл. универс. науч. б-ка им. М. Горького, Информ.-библиогр. отд.
_g[сост.: Марина Михайловна Самко
_gред.: Тамара Ивановна Климова]
210 _aВолгоград
_c[б. и.]
_d2010
215 _d20
463 0 _10011686553
606 1 _aБиблиотеки
_xСправочно-библиографическое обслуживание
_yВолгоградская область
_92605755
_3RU\NLR\auth\661542313
606 1 _aБиблиотеки
_xИнформационно-библиографическое обеспечение
_yВолгоградская область
_92605753
_3RU\NLR\auth\661542311
686 _aЧ735.27
702 1 _aСамко
_bМ. М.
_gМарина Михайловна
_4220
702 1 _aКлимова
_bТ. И.
_gТамара Ивановна
_4340
712 0 2 _4570
_aВолгоградская областная универсальная научная библиотека им. М. Горького
_bИнформационно-библиографический отдел
_3RU\NLR\AUTH\8810165491
_9827035
801 0 _aRU
_bNLR
_c20101018
_gRCR
801 1 _aRU
_bNLR
_c20101018
830 _aпо кн
852 _aNLR
_bБ
942 _cBOOK